| 000 | 01499cac a2200397 i 4500 | ||
|---|---|---|---|
| 003 | EG-GICUC | ||
| 005 | 20260121101350.0 | ||
| 008 | 000907s2001 enk frb 001 0 eng d | ||
| 020 |
_a0521790220 _qhardback |
||
| 020 |
_a052179370X _qpbk. |
||
| 020 |
_a9780521790222 _q(hardback) |
||
| 040 |
_aDLC _cDLC _dDLC _dEG-GICUC _beng _erda |
||
| 043 | _an-us--- | ||
| 050 | 0 | 0 |
_aKF4552 _b.C66 2001 |
| 082 | 0 | 0 |
_a342.73 _221 |
| 092 | 0 | 4 | _221 |
| 099 | _aLaw 08 2001 | ||
| 245 | 0 | 0 |
_aConstitutional culture and democratic rule / _cedited by John Ferejohn, Jack N. Rakove, Jonathan Riley. |
| 264 |
_aCambridge, UK ; _aNew York, NY, USA : _bCambridge University Press, _c2001. |
||
| 300 |
_axi, 414 page. ; _c24 cm. |
||
| 336 |
_atext _btxt _2rdacontent |
||
| 337 |
_aunmediated _bn _2rdamedia |
||
| 338 |
_avolume _bnc _2rdacarrier |
||
| 440 | 0 | _aMurphy Institute studies in political economy | |
| 504 | _aIncludes bibliographical references and indexes. | ||
| 650 | 0 |
_aConstitutional law _zUnited States. |
|
| 651 | 0 |
_aUnited States _xPolitics and government. |
|
| 700 | 1 |
_aFerejohn, John A., _eeditor. |
|
| 700 | 1 |
_aRakove, Jack N., _d1947- _eeditor. |
|
| 700 | 1 |
_aRiley, Jonathan, _d1955- _eeditor. |
|
| 856 | 4 | 2 | _uhttps://fll.law.cu.edu.eg/fulltext/bks/ENGB08-00040.pdf |
| 856 | 4 | 2 |
_3Publisher description _uhttp://www.loc.gov/catdir/description/cam021/00046794.html |
| 856 | 4 | 1 |
_3Table of contents _uhttp://www.loc.gov/catdir/toc/cam026/00046794.html |
| 905 | _a10 | ||
| 942 |
_2ddc _cBK _e21 _n0 |
||
| 999 |
_c46360 _d46360 |
||